Percy Jackson Immortal Parents Quiz Stats

 Plays Quiz Updated Mar 15, 2019

Score 0/12 Timer 03:00
8 Plays Today
Demigod children Parent % Correct
Malcolm and Annabeth ChaseAthena
93%
ThaliaZeus
92.7%
Bianca and Nico diAngeloHades
91.9%
ClarisseAres
91.7%
Travis and Connor Stoll, LukeHermes
91.4%
Tyson and Percy JacksonPoseidon
87.5%
Silena BeauregardAphrodite
84.6%
Michael Yew, Will Solace, and Lee FletcherApollo
79.6%
Katie GardenerDemeter
71.4%
Beckendorf and Jake MasonHephaestus
68.6%
Ethan NakamuraNemesis
62.9%
Pollux and CastorDionysus
62.7%

You're not logged in!

Compare scores with friends on all Sporcle quizzes.
OR
Log In

Sporcle TV

Today on Sporcle TV


Watch our educational content, quiz creation guides, and fun videos on Sporcle TV.

Show Comments

Extras

Top Quizzes Today


Score Distribution

Your Account Isn't Verified!

In order to create a playlist on Sporcle, you need to verify the email address you used during registration. Go to your Sporcle Settings to finish the process.

Report this User

Report this user for behavior that violates our Community Guidelines.

Details: